| 000 | 00360nam a2200133Ia 4500 | ||
|---|---|---|---|
| 008 | 240624s9999 xx 000 0 und d | ||
| 041 | _aeng | ||
| 082 | _a658.8342 CHA | ||
| 100 | _aCHAKRAVARTI AMITAV | ||
| 245 | _aWHY PEOPLE DON T BUY THE GO AND STOP SIG | ||
| 260 |
_c2015 _aNew York _bPalgrave Macmillan |
||
| 300 | _axv, 223 p.; 23 cm. | ||
| 365 |
_cERU _b38 |
||
| 999 |
_c31643 _d31643 |
||